Statistiken für Länder, die Serbien am Nächsten Liegen

Klicken Sie hier um das Quiz zu spielen!

Allgemein

  • Dieses Quiz wurde 169 mal gespielt
    (164 seit der letzten Aktualisierung)
  • Das Durchschnittsergebnis liegt bei 18 aus 20

Antwortstatistiken

KmLand% Korrekt
0Bosnien und
Herzegowina
99%
114Griechenland
97%
0Kroatien
96%
0Montenegro
96%
38Albanien
95%
0Bulgarien
95%
0Kosovo
95%
218Österreich
95%
0Rumänien
95%
189Slowakei
95%
187Slowenien
95%
0Ungarn
94%
0Mazedonien
92%
311Italien
89%
333Tschechien
87%
284Ukraine
87%
334Polen
86%
435Moldawien
84%
313Türkei
83%
485Deutschland
82%

Verteilung der Resultate

Perzentil nach korrekt beantworteten Fragen

Anzahl Personen mit jedem Resultat

Ihre Resultats-Entwicklung

Sie haben dieses Quiz seit der letzten Aktualisierung nicht gespielt